| 000 | 00909cam a22002891 4500 | ||
|---|---|---|---|
| 999 |
_c25112 _d25112 |
||
| 001 | 6577879 | ||
| 003 | BDDh-ASL | ||
| 005 | 20231015030440.0 | ||
| 008 | 801020s1962 pk b 000 0beng | ||
| 010 | _asa 64001445 | ||
| 025 | _aPL480:P-E-315 | ||
| 035 | _a(OCoLC)6842509 | ||
| 040 |
_aDLC _cNIC _dDLC _dBDDh-ASL |
||
| 042 | _apremarc | ||
| 050 | 0 | 0 |
_aDS461.7 _b.H34 |
| 082 |
_a954 _bHAP |
||
| 100 | 1 |
_aHaq, S. Moinul _q(Syed Moinul), _d1901- |
|
| 245 | 0 | 0 |
_aPrince Awrangzib : _ba study / |
| 260 |
_aKarachi : _bPakistan Historical Society, _c1962. |
||
| 300 |
_aix, 79 p. : _c25 cm. |
||
| 490 | 1 |
_aPakistan Historical Society. Publication, _vno. 32 |
|
| 504 | _aBibliographical footnotes. | ||
| 600 | 0 | 0 |
_aAurangzeb, _cEmperor of Hindustan, _d1618-1707. |
| 830 | 0 |
_aPakistan Historical Society publication ; _vno. 32. |
|
| 906 |
_a7 _bcbc _coclcrpl _du _encip _f19 _gy-gencatlg |
||
| 942 |
_2ddc _cBK |
||